LEADER 01485nam a2200265 i 4500 001 000000226623 003 CaOOAMICUS 005 20240513165719.0 008 140128s1986 it u000 u ita u 013 $a205525 040 $aSeMil$bita 245 13$aLa prima fase delle opere di consolidamento, restauro e ripristino dei fabbricati e delle strutture dell'eremo di S. Caterina del Sasso (dal novembre 1978 all'agosto 1984) /$c; hanno collaborato Enrico Castiglioni ... [et al.]. 246 04$iTitolo in copertina:$aS. Caterina del Sasso 260 $aGavirate :$bNicolini,$c1986. 300 $a109 p. :$bill. ;$c31 cm. 650 4$aLeggiuno - Eremo di Santa Caterina del Sasso Ballaro.$0(OLS)http://semarc/subject/6494 700 1 $aCastiglioni, Enrico.$0(OLS)http://semarc/name/78633 700 1 $aAmministrazione provinciale di Varese, Assessorato ai lavori pubblici.$0(OLS)http://semarc/name/78632 850 $aSeMil 852 $aSeMil$W1$xVenegono$y1$m3P VI 431$j176969$B176969$CSeMilBibl$Z2$F188155 $81 961 $aOmaggio: Grampa dott. Cesare 996 $6245$aLa prima fase delle opere di consolidamento, restauro e ripristino dei fabbricati e delle strutture dell'eremo di S. Caterina del Sasso (dal novembre 1978 all'agosto 1984)$9(OLS)http://semarc/title/324446 996 $6246$aS. Caterina del Sasso$9(OLS)http://semarc/title/295535 996 $6260$aGavirate :$bNicolini$9(OLS)http://semarc/publisher/32542 LEADER 01051nam a2200253 i 4500 001 000000063253 003 CaOOAMICUS 005 20230316104044.0 008 130926s1984 it u000 u ita u 040 $aSeMil$bita 100 1 $aNocke, Franz-Josef.$0(OLS)http://semarc/name/31016 240 10$aEschatologie.$0(OLS)http://semarc/title/99478 245 10$aEscatologia /$cFranz-Josef Nocke ; aggiornamenti bibliografici di Giacomo Canobbio. 264 1$aBrescia :$bQueriniana,$c1984. 300 $a169 p. ;$c20 cm. 490 1 $aGiornale di teologia ;$v150 650 4$aEscatologia - Studi.$0(OLS)http://semarc/subject/5572 700 1 $aCanobbio, Giacomo,$d<1945- >.$0(OLS)http://semarc/name/2572 830 0$aGiornale di teologia ;$v150.$0(OLS)http://semarc/title/419620 850 $aSeMil 852 $aSeMil$W1$xVenegono$y1$m2XA G 150$j238548$B29406$CSeMilBibl$Z2$F29409 $81 996 $6245$aEscatologia$9(OLS)http://semarc/title/30084 996 $6264$aBrescia :$bQueriniana$9(OLS)http://semarc/publisher/29615 LEADER 01189nas a2200241 i 4500 001 000000258209 003 CaOOAMICUS 005 20180419000000.0 008 180419b2016 it uu u0 0ita r 013 $a237117 040 $aSeMil$bita 245 10$a«Ti ho amato di un amore eterno, ho avuto pietą del tuo niente» :$bEsercizi della Fraternitą di Comunione e Liberazione. 260 $aMilano :$bCoop. Edit. Nuovo Mondo,$c2016. 300 $a102 p. ;$c21 cm. 500 $aA pič del front. : Rimini 2016 - Supplemento al n. 6/2016. 650 4$aComunione e liberazione - Esercizi spirituali.$0(OLS)http://semarc/subject/46288 700 1 $aComunione e Liberazione <1954- >.$0(OLS)http://semarc/name/1845 773 0 $tTracce.$dMilano : [s.n.], 1974.$w()2428 850 $aSeMil 852 $aSeMil$W1$xVenegono$y1$m44 6 76/1$j208555$B208555$CSeMilBibl$Z2$F222200 $85 961 $aOmaggio: Pisoni don Ambrogio 996 $6245$a«Ti ho amato di un amore eterno, ho avuto pietą del tuo niente» :$bEsercizi della Fraternitą di Comunione e Liberazione$9(OLS)http://semarc/title/413333 996 $6260$aMilano :$bCoop. Edit. Nuovo Mondo$9(OLS)http://semarc/publisher/36145